Responses for Show #1483 - Wednesday, January 30, 1991

Contestants

[<< previous game]

Arthur Mitchell, an advertising writer from Grosse Pointe, Michigan

Tom Moses, a lawyer from Long Beach, California

Adelaide Jaffe, a computer operator from Bay Village, Ohio

[next game >>]

Jeopardy! Round responses

ACCORDING TO PEOPLE
POETRY
WEATHER
COOKING CLASS
EASY MATH
BIBLE LOCALES
    $100 7
Tootsie

Arthur
    $100 24
dog

Tom
    $100 17
tornado

Tom
    $100 3
deviled

Adelaide
    $100 12
straight line

Tom
    $100 1
Jericho

Adelaide
    $200 22
Clint Eastwood

Tom
    $200 25
couplet

Adelaide
    $200 18
men

Arthur
    $200 8
scald

Arthur
    $200 13
zero

Adelaide
    $200 2
Armageddon

Arthur
    $300 23
(Arthur: Who are Madonna and...uh...?)

Madonna & Warren Beatty

AdelaideArthur
    $500 26
(Alex: [several seconds after nothing from Adelaide] Adelaide?)
(Adelaide: What is La Belle Dame Sans Merci?

The Rape of the Lock

Adelaide
    $300 19
Hawaii

Adelaide
    $300 9
sauté

Arthur
    $300 14
probability

Arthur
    $300 4
Galilee

Adelaide
    $400 29
Paul Newman

Adelaide
    $400 27
Sappho

Adelaide
    $400 20
monsoon

Tom
    $400 10
(Arthur: What is rosemary?)

mint

Arthur
Triple Stumper
    $400 15
equation

Arthur
    $400 5
Gilead

Adelaide
    $500 30
(Adelaide: Who is Madonna?)

Princess Di

Adelaide
Triple Stumper
    $500 28
the Congo

Tom
    $500 21
St. Elmo's fire

Arthur
    $500 11
couscous

Adelaide
    $500 16
(Adelaide: What is the multiplicant?)
[Time's up signals]
(Adelaide: Oh!)
(Alex: Adelaide wishes she had said what?)
(Adelaide: The dividend.)
(Alex: [After giving correct response] So, you'd have been wrong twice; aren't you glad you can only ring in once?)
[Laughter]

quotient

Adelaide
Triple Stumper
    $500 6
Cana

Tom

Scores at the first commercial break (after clue 16):

Adelaide Tom Arthur
$1,100 $600 $1,100

Scores at the end of the Jeopardy! Round:

Adelaide Tom Arthur
$1,700 $1,900 $1,500

Double Jeopardy! Round responses

HISTORICAL NOVELS
SEA LIFE
FOREIGN WORDS & PHRASES
THEATRE
MEDICINE
OH THOSE OTTOMANS
    $200 6
Vesuvius

Tom
    $200 21
walrus

Adelaide
    $200 1
unknown

Tom
    $200 11
Shakespeare

Adelaide
    $200 16
flus

Arthur
    $200 26
Byzantium (Istanbul or Constantinople)

Tom
    $400 7
(Arthur: What is Last of the Mohicans?)

Drums Along the Mohawk

TomArthur
    $400 22
albacore

Arthur
    $400 2
(Adelaide: What is good evening?)
(Tom: What is good night?)
(Arthur: What is good day?)

good afternoon

AdelaideTomArthur
Triple Stumper
    $1,500 12
(Alex: Doesn't the name Adelaide figure in [*]?)
(Adelaide: No, that's a different musical.)
(Alex: It is? Thank you very much.)
[Laughter and applause for Adelaide's correct response]

Oklahoma!

Adelaide
    $400 17
cold

Arthur
    $400 27
tulip

Tom
    $600 8
King Richard I

Adelaide
    $600 23
clams

Tom
    $600 3
out of doors

Adelaide
    $600 13
Charlemagne

Adelaide
    $600 18
(Tom: What are measles?)
(Alex: I need both.)
(Tom: Uh, oh, measles & chicken pox?)

measles & German measles

Tom
Triple Stumper
    $600 28
vizier

Tom
    $800 9
Fremont

Tom
    $800 24
sardines

Tom
    $800 4
storm & distress

Adelaide
    $800 14
(Arthur: Who is George Bernard Shaw?)
(Adelaide: Who is Synge?)

Seán O'Casey

AdelaideArthur
Triple Stumper
    $800 19
biofeedback

Adelaide
    $800 29
(Kemal) Ataturk

Adelaide
    $1000 10
Thomas Mann

Adelaide
    $1000 25
(Alex: We have less than a minute to go in the round.)

coelacanth

Arthur
    $1,000 5
chaos

Adelaide
    $1000 15
adding machine

Adelaide
    $1000 20
pernicious

Triple Stumper
    $1000 30
(Tom: What is the Roman Empire?)

"Timur the Lame" (Tamerlane)

Tom
Triple Stumper

Scores at the end of the Double Jeopardy! Round:

Adelaide Tom Arthur
$9,600 $4,100 $1,900
(lock game)

[wagering suggestions for these scores]

Final Jeopardy! Round responses

EUROPE
ArthurWhat are Czechosl
$1,900
TomWhat are [something scratched out] Switzerland and?
$4,000
AdelaideWhat are
$1,300
Czechoslovakia & Switzerland

Final scores:

Adelaide Tom Arthur
$8,300 $100 $0
New champion: $8,300 2nd place: trip on Delta to Miami & stay at Sonesta Beach Hotel Key Biscayne 3rd place: Cazal sunglasses + NES with games + Wheel of Fortune for Game Boy

Game dynamics:

Coryat scores:

Adelaide Tom Arthur
$9,000 $4,100 $1,900
23 R
(including 2 DDs),
5 W
(including 1 DD)
16 R,
3 W
12 R,
5 W

Combined Coryat: $15,000

[game clues] [game scores] [suggest correction]

Game tape date: 1990-10-16
The J! Archive is created by fans, for fans. Scraping, republication, monetization, and malicious use prohibited; this site may use cookies and collect identifying information. See terms. The Jeopardy! game show and all elements thereof, including but not limited to copyright and trademark thereto, are the property of Jeopardy Productions, Inc. and are protected under law. This website is not affiliated with, sponsored by, or operated by Jeopardy Productions, Inc. Join the discussion at JBoard.tv.